Club français ayant au moins atteint les quarts de C1,C2,C3 et C4 - Statistiques

Statistiques générales
  • Ce quiz a été pris 316 fois
  • Le résultat moyen est 72 sur 76
Statistiques - réponses
Hint Réponse % Correct
1988 Demi-final C2 Olympique de Marseille
100%
1990 Demi-final C1 Olympique de Marseille
100%
1991 Finale C1 Olympique de Marseille
100%
1993 Vainqueur C1 Olympique de Marseille
100%
1999 Finale C3 Olympique de Marseille
100%
2004 Finale C3 Olympique de Marseille
100%
2009 Quart de final C3 Olympique de Marseille
100%
2012 Quart de final C1 Olympique de Marseille
100%
2018 Finale C3 Olympique de Marseille
100%
2022 Demi-final C4 Olympique de Marseille
100%
1982 Quart de final C2 Paris Saint-Germain
100%
1993 Demi-final C2 Paris Saint-Germain
100%
1994 Demi-final C2 Paris Saint-Germain
100%
1995 Demi-final C1 Paris Saint-Germain
100%
1996 Vainqueur C2 Paris Saint-Germain
100%
1997 Finale C2 Paris Saint-Germain
100%
2009 Quart de final C3 Paris Saint-Germain
100%
2013 Quart de final C1 Paris Saint-Germain
100%
2014 Quart de final C1 Paris Saint-Germain
100%
2015 Quart de final C1 Paris Saint-Germain
100%
2016 Quart de final C1 Paris Saint-Germain
100%
2020 Finale C1 Paris Saint-Germain
100%
2021 Demi-final C1 Paris Saint-Germain
100%
1989 Quart de final C1 AS Monaco
99%
1990 Demi-final C2 AS Monaco
99%
1992 Finale C2 AS Monaco
99%
1994 Demi-final C1 AS Monaco
99%
1997 Demi-final C3 AS Monaco
99%
1998 Demi-final C1 AS Monaco
99%
2004 Finale C1 AS Monaco
99%
2015 Quart de final C1 AS Monaco
99%
2017 Demi-final C1 AS Monaco
99%
1964 Demi-final C2 Olympique Lyonnais
99%
1968 Quart de final C2 Olympique Lyonnais
99%
1999 Quart de final C3 Olympique Lyonnais
99%
2004 Quart de final C1 Olympique Lyonnais
99%
2005 Quart de final C1 Olympique Lyonnais
99%
2006 Quart de final C1 Olympique Lyonnais
99%
2010 Demi-final C1 Olympique Lyonnais
99%
2014 Quart de final C3 Olympique Lyonnais
99%
2017 Demi-final C3 Olympique Lyonnais
99%
2020 Demi-final C1 Olympique Lyonnais
99%
2022 Quart de final C3 Olympique Lyonnais
99%
1985 Demi-final C1 FC Girondins de Bordeaux
97%
1987 Demi-final C2 FC Girondins de Bordeaux
97%
1988 Quart de final C1 FC Girondins de Bordeaux
97%
1996 Finale C2 FC Girondins de Bordeaux
97%
1999 Quart de final C3 FC Girondins de Bordeaux
97%
2004 Quart de final C3 FC Girondins de Bordeaux
97%
2010 Quart de final C1 FC Girondins de Bordeaux
97%
1975 Demi-final C1 AS Saint-Étienne
94%
1976 Finale C1 AS Saint-Étienne
94%
1977 Quart de final C1 AS Saint-Étienne
94%
1980 Quart de final C3 AS Saint-Étienne
94%
1981 Quart de final C3 AS Saint-Étienne
94%
1956 Finale C1 Stade de Reims
93%
1959 Finale C1 Stade de Reims
93%
1963 Quart de final C1 Stade de Reims
93%
1957 Quart de final C1 OGC Nice
92%
1960 Quart de final C1 OGC Nice
92%
2023 Quart de final C4 OGC Nice
92%
1980 Demi-final C2 FC Nantes
90%
1986 Quart de final C3 FC Nantes
90%
1995 Quart de final C3 FC Nantes
90%
1996 Demi-final C1 FC Nantes
90%
2000 Quart de final C3 RC Lens
90%
1990 Quart de final C3 AJ Auxerre
82%
1993 Demi-final C2 AJ Auxerre
82%
1995 Quart de final C2 AJ Auxerre
82%
1997 Quart de final C1 AJ Auxerre
82%
1998 Quart de final C3 AJ Auxerre
82%
2005 Quart de final C3 AJ Auxerre
82%
1980 Quart de final C1 RC Strasbourg
79%
1991 Quart de final C2 Montpellier HSC
72%
1981 Demi-final C3 FC Sochaux-Montbéliard
62%
1978 Finale C3 SC Bastia
55%
Aucun quiz correspondant
Distribution des résultats
% des personnes avec chaque résultat
Percentile par nombre de réponses
Votre historique - résultats
Vous n’avez pas pris ce quiz